Financial accounting / (Record no. 24807)
[ view plain ]
| 000 -LEADER | |
|---|---|
| fixed length control field | 00900cam a22002654a 4500 |
| 001 - CONTROL NUMBER | |
| control field | 12003713 |
| 005 - DATE AND TIME OF LATEST TRANSACTION | |
| control field | 20170130104506.0 |
| 008 - FIXED-LENGTH DATA ELEMENTS--GENERAL INFORMATION | |
| fixed length control field | 000510s2001 maua b 001 0 eng |
| 010 ## - LIBRARY OF CONGRESS CONTROL NUMBER | |
| LC control number | 00104438 |
| 020 ## - INTERNATIONAL STANDARD BOOK NUMBER | |
| International Standard Book Number | 0618023356 (hardcover) |
| 040 ## - CATALOGING SOURCE | |
| Original cataloging agency | DLC |
| Transcribing agency | DLC |
| Modifying agency | DLC |
| 042 ## - AUTHENTICATION CODE | |
| Authentication code | pcc |
| 050 00 - LIBRARY OF CONGRESS CALL NUMBER | |
| Classification number | HF5635 |
| Item number | .N44 2001 |
| 100 1# - MAIN ENTRY--PERSONAL NAME | |
| Personal name | Needles, Belverd E. |
| 245 10 - TITLE STATEMENT | |
| Title | Financial accounting / |
| Statement of responsibility, etc. | Belverd E. Needles, Jr., Marian Powers. |
| 250 ## - EDITION STATEMENT | |
| Edition statement | 7th ed. |
| 260 ## - PUBLICATION, DISTRIBUTION, ETC. (IMPRINT) | |
| Place of publication, distribution, etc. | Boston : |
| Name of publisher, distributor, etc. | Houghton Mifflin Company, |
| Date of publication, distribution, etc. | c2001. |
| 300 ## - PHYSICAL DESCRIPTION | |
| Extent | xxxv, 825 p. : |
| Other physical details | col. ill. ; |
| Dimensions | 29 cm. |
| 504 ## - BIBLIOGRAPHY, ETC. NOTE | |
| Bibliography, etc | Includes bibliographical references and indexes. |
| 650 #0 - SUBJECT ADDED ENTRY--TOPICAL TERM | |
| Topical term or geographic name as entry element | Accounting. |
| 700 1# - ADDED ENTRY--PERSONAL NAME | |
| Personal name | Powers, Marian. |
| 942 ## - ADDED ENTRY ELEMENTS (KOHA) | |
| Source of classification or shelving scheme | |
| Koha item type | Hard Covered Materials |
| Classification part | HF5635 .N44 2001 |
| Withdrawn status | Lost status | Source of classification or shelving scheme | Damaged status | Not for loan | Home library | Current library | Shelving location | Date acquired | Source of acquisition | Total Checkouts | Full call number | Barcode | Date last seen | Price effective from | Koha item type |
|---|---|---|---|---|---|---|---|---|---|---|---|---|---|---|---|
| MACHAKOS UNIVERSITY LIBRARY | MACHAKOS UNIVERSITY LIBRARY | Special Collection | 30/01/2017 | Donation(BFA) | HF5635 .N44 2001 | 31932 | 26/07/2018 | 30/01/2017 | Hard Covered Materials |